| Tag |
First Indicator |
Second Indicator |
Subfields |
| LEADER |
00000nam a2200000 i 4500 |
| 001 |
in00004135413 |
| 005 |
20200113165708.0 |
| 006 |
m o d f |
| 007 |
cr ||||||||||| |
| 008 |
190701s2018 dcua ob f000 0 eng c |
| 035 |
|
|
|a (OCoLC)on1106558295
|
| 042 |
|
|
|a pcc
|
| 043 |
|
|
|a n-us---
|
| 040 |
|
|
|a GPO
|b eng
|e rda
|e pn
|c GPO
|d MvI
|
| 049 |
|
|
|a WWW
|
| 074 |
|
|
|a 0520-E-01 (online)
|
| 086 |
0 |
|
|a HS 5.102:C 76/2
|
| 088 |
|
|
|a FEMA P-2012
|
| 245 |
0 |
0 |
|a Assessing seismic performance of buildings with configuration irregularities /
|c prepared by Applied Technology Council ; prepared for Federal Emergency Management Agency, Applied Technology Council.
|
| 246 |
1 |
7 |
|a FEMA P-2012
|
| 264 |
|
1 |
|a Washington, D.C. :
|b FEMA :
|b NEHRP,
|c 2018.
|
| 300 |
|
|
|a 1 online resource (366 pages in various pagings) :
|b illustrations (some color)
|
| 336 |
|
|
|a text
|b txt
|2 rdacontent
|
| 337 |
|
|
|a computer
|b c
|2 rdamedia
|
| 338 |
|
|
|a online resource
|b cr
|2 rdacarrier
|
| 500 |
|
|
|a "September 2018."
|
| 500 |
|
|
|a "FEMA P-2012."
|
| 504 |
|
|
|a Includes bibliographical references.
|
| 588 |
|
|
|a Description based on online resource, PDF version; title from title page (FEMA, viewed July 1, 2019).
|
| 650 |
|
0 |
|a Buildings
|x Earthquake effects
|z United States.
|
| 650 |
|
0 |
|a Building inspection
|z United States
|x Methodology.
|
| 650 |
|
0 |
|a Building failures
|z United States
|x Prevention.
|
| 710 |
1 |
|
|a United States.
|b Federal Emergency Management Agency,
|e issuing body.
|
| 710 |
2 |
|
|a National Earthquake Hazards Reduction Program (U.S.),
|e issuing body.
|
| 710 |
2 |
|
|a Applied Technology Council,
|e author.
|
| 776 |
0 |
8 |
|i Print version:
|t Assessing seismic performance of buildings with configuration irregularities
|w (OCoLC)1106558281
|
| 856 |
4 |
0 |
|u https://purl.fdlp.gov/GPO/gpo122306
|t 0
|
| 999 |
f |
f |
|s 3453d47c-1909-347f-bffc-cfa304a10953
|i 464c64d7-78a1-3687-bca9-7ce5aceaa0d0
|t 0
|
| 952 |
f |
f |
|a Texas A&M University
|b College Station
|c Electronic Resources
|d Available Online
|t 0
|e HS 5.102:C 76/2
|h Superintendent of Documents classification
|
| 998 |
f |
f |
|a HS 5.102:C 76/2
|t 0
|l Available Online
|